[Event "POR-ch U16"]
[Site "Luso"]
[Date "2018.03.27"]
[Round "6"]
[White "Machado, Tiago Candido Leita"]
[Black "Costa, Fabio Filipe"]
[Result "1-0"]
[WhiteElo "1481"]
[BlackElo "1229"]
[PlyCount "101"]
[EventDate "2018.03.24"]
[EventType "swiss"]
[EventRounds "7"]
[EventCountry "POR"]
[SourceTitle "EXT 2019"]
[Source "ChessBase"]
[SourceDate "2018.10.10"]
[SourceVersion "1"]
[SourceVersionDate "2018.10.10"]
[SourceQuality "1"]

1. e4 c6 2. d4 d5 3. Nc3 dxe4 4. Nxe4 Bf5 5. Ng3 Bg6 6. Nf3 Nd7 7. Be2 e6 8. 0-0 Bd6 9. Bg5 Ngf6 10. Re1 h6 11. Be3 0-0 12. c4 c5 13. Bd3 Bxd3 14. Qxd3 cxd4 15. Bxd4 Bc5 16. Rad1 Bxd4 17. Qxd4 Rc8 18. Qxa7 Qc7 19. a3 Nb6 20. Qa5 Nxc4 21. Qb4 Qb6 22. Qxb6 Nxb6 23. Ne4 Nxe4 24. Rxe4 Rc2 25. Rb4 Nc4 26. Nd4 Rd2 27. Rxd2 Nxd2 28. h3 Rd8 29. f3 Rd7 30. Kf2 Rc7 31. Ke2 Nc4 32. a4 Nd6 33. Nb5 Nxb5 34. Rxb5 Kf8 35. Rb3 Ke7 36. Rd3 Rc2+ 37. Rd2 Rc5 38. g3 g5 39. Ke3 f5 40. Rd3 Re5+ 41. Kd2 Rd5 42. Rxd5 exd5 43. Kd3 Ke6 44. Kd4 Kd6 45. b4 h5 46. g4 hxg4 47. hxg4 fxg4 48. fxg4 b6 49. a5 bxa5 50. bxa5 Kc6 51. a6 1-0